| 000 | 00649nam a2200157Ia 4500 | ||
|---|---|---|---|
| 008 | 160316s2002 xxu||||| |||| 00| 0 eng d | ||
| 082 |
_a364.168000 _bRID |
||
| 100 | _aRider Barry A K | ||
| 245 | _aMarket abuse and insider dealing | ||
| 250 | _a | ||
| 260 |
_aLondon _bButterworths _c2002 |
||
| 300 |
_a259p _b _cxv |
||
| 365 | _bRs.3,604.50 | ||
| 650 | _a1. Insider Trading - Securities - U K 2. Market Abuse - U K 3. Market Manipulation - Securites - U K 4. Securities Market - Frauds - Law & Legislation - U K 5. Insider Dealings - Law & Legislation - U K 6. Combat - Crimes - Securities Market - Law & | ||
| 700 |
_aAlexander Kern _aLinklater Lisa |
||
| 999 |
_c19641 _d19641 |
||